| 000 | 00578nam a22001817a 4500 | ||
|---|---|---|---|
| 005 | 20231121092851.0 | ||
| 008 | 231121b |||||||| |||| 00| 0 eng d | ||
| 020 | _a9041112731 | ||
| 041 | _aEnglish | ||
| 082 | _a342.8 VAN | ||
| 100 |
_avan der Walt, AJ _lEnglish |
||
| 245 |
_aConstitutional Property Clauses : _bA Comparative Analysis / _cAJ van der Walt |
||
| 250 | _aFirst Edition | ||
| 260 |
_aCape Town : _bJuta and Company Ltd, _c1999 |
||
| 300 |
_bxix, 630 pages ; _c26,5 cm. |
||
| 650 |
_aLegal practice _bLaw |
||
| 942 |
_cBK _6ALISON_BN_VRIES |
||
| 999 |
_c829 _d829 |
||